export_success — 

Perfekt unperfekt : Elaboration und Imperfektion in der Rhetorik des Designs.

Bibliographic Details
Main Author: Schneller, Annina.
Format: eBook
Language:German
Published: Berlin/Boston : Walter de Gruyter GmbH, 2021.
Edition:1st ed.
Series:Rhetorik-Forschungen Series
Subjects:
Online Access:Click to View
LEADER 01488nam a22003613i 4500
001 EBC7015492
003 MiAaPQ
005 20231204023226.0
006 m o d |
007 cr cnu||||||||
008 231204s2021 xx o ||||0 ger d
020 |a 9783110680942  |q (electronic bk.) 
035 |a (MiAaPQ)EBC7015492 
035 |a (Au-PeEL)EBL7015492 
035 |a (OCoLC)1293059241 
040 |a MiAaPQ  |b eng  |e rda  |e pn  |c MiAaPQ  |d MiAaPQ 
100 1 |a Schneller, Annina. 
245 1 0 |a Perfekt unperfekt :  |b Elaboration und Imperfektion in der Rhetorik des Designs. 
250 |a 1st ed. 
264 1 |a Berlin/Boston :  |b Walter de Gruyter GmbH,  |c 2021. 
264 4 |c Ã2022. 
300 |a 1 online resource (584 pages) 
336 |a text  |b txt  |2 rdacontent 
337 |a computer  |b c  |2 rdamedia 
338 |a online resource  |b cr  |2 rdacarrier 
490 1 |a Rhetorik-Forschungen Series ;  |v v.24 
588 |a Description based on publisher supplied metadata and other sources. 
590 |a Electronic reproduction. Ann Arbor, Michigan : ProQuest Ebook Central, 2023. Available via World Wide Web. Access may be limited to ProQuest Ebook Central affiliated libraries.  
655 4 |a Electronic books. 
776 0 8 |i Print version:  |a Schneller, Annina  |t Perfekt unperfekt  |d Berlin/Boston : Walter de Gruyter GmbH,c2021 
797 2 |a ProQuest (Firm) 
830 0 |a Rhetorik-Forschungen Series 
856 4 0 |u https://ebookcentral.proquest.com/lib/matrademy/detail.action?docID=7015492  |z Click to View